Loading...
| Fine Arts - Classical Music | 6 | 10.00 | 67% | 33% | 0% |
| Fine Arts - Other | 4 | 12.50 | 50% | 50% | 25% |
| Fine Arts - Painting and Sculpture | 6 | 8.33 | 67% | 17% | 0% |
| History - American | 4 | 15.00 | 100% | 25% | 25% |
| History - European | 4 | 12.50 | 75% | 50% | 0% |
| History - Other | 2 | 10.00 | 100% | 0% | 0% |
| History - World | 2 | 5.00 | 50% | 0% | 0% |
| Literature - American | 4 | 17.50 | 100% | 0% | 75% |
| Literature - British | 4 | 10.00 | 75% | 25% | 0% |
| Literature - European | 2 | 5.00 | 50% | 0% | 0% |
| Literature - World | 2 | 5.00 | 50% | 0% | 0% |
| Mythology | 2 | 25.00 | 100% | 50% | 100% |
| Other Academic | 1 | 10.00 | 100% | 0% | 0% |
| Philosophy | 2 | 5.00 | 50% | 0% | 0% |
| Pop Culture | 1 | 20.00 | 100% | 100% | 0% |
| Religion | 4 | 10.00 | 100% | 0% | 0% |
| Science - Biology | 4 | 12.50 | 100% | 25% | 0% |
| Science - Chemistry | 2 | 10.00 | 100% | 0% | 0% |
| Science - Other | 5 | 16.00 | 100% | 40% | 20% |
| Science - Physics | 6 | 15.00 | 100% | 50% | 0% |
| Social Science | 3 | 10.00 | 100% | 0% | 0% |